Quick Pick: [adult swim] II Quiz Stats

Quiz not verified by Sporcle

Challenge
Share
Tweet
Embed
Score 0/12 Timer 01:30
0 Plays Today
% Correct
Air
84.4%
NTSF
84.1%
Tyson
83.4%
Werewolf
82.4%
Jesus
81.3%
2021
75.8%
Awesome
75.4%
Eric
72.3%
Birdman
72.3%
Brule
66.8%
Tom
58.1%
Loiter
51.6%

You're not logged in!

Compare scores with friends on all Sporcle quizzes.
Sign Up with Email
OR
Log In

You Might Also Like...

Show Comments

Extras

Top Quizzes Today


Score Distribution

Your Account Isn't Verified!

In order to create a playlist on Sporcle, you need to verify the email address you used during registration. Go to your Sporcle Settings to finish the process.